| 000 | 00747nam a2200217Ia 4500 | ||
|---|---|---|---|
| 001 | 14913 | ||
| 003 | GE_BSU | ||
| 008 | 181216s||||||||xx |||||||||||||| ||und|| | ||
| 040 | _cGE_BSU | ||
| 100 | _aБать,М.И. Джанелидзе,Г.Ю. Кельзон,А.С. | ||
| 245 | _aТеоретическая механика в примерах и задачах.Т.1:Статика и кинематика. | ||
| 245 | _bУчеб. пособие. | ||
| 245 | _cПод.ред.Г.Ю.Джанелидзе | ||
| 260 | _aМосква | ||
| 260 | _bГосиздат | ||
| 260 | _c1961 | ||
| 300 | _a472стр.22см. | ||
| 653 | _aСтатика и кинематика. | ||
| 653 | _aТеоретическая механика. | ||
| 942 | _cBK | ||
| 999 |
_c48033 _d48033 |
||